000 01043nam a22002657a 4500
003 DO-SdBNP
005 20250221100547.0
008 171120b 2018 sp |00| 0 spa d
020 _a9788408182306
040 _aBPMSU
_bspa
_cBPMSU
082 4 _a823
_bC319a 2018
_222
100 1 _aCarroll, Lewis
_d1832-1898,
245 1 0 _aA través del espejo y lo que Alicia encontró allí /
_cLewis Carroll ; ilustraciones de John Tenniel ; traducción Juan Gabriel Guix
260 _aBarcelona, España :
_bEditorial Planeta,
_c2018
300 _a220 p. ;
_c18 cm.
534 _aTítulo original :
_tAlice s adventures in wonderland. trough the looking glass and what Alice found there.
590 _aInventariado, 2023/VM
600 1 4 _aCarroll, Lewis,
_d1832-1898
_xCrítica e interpretación.
650 4 _aCuentos juveniles ingleses
650 4 _aLiteratura juvenil inglesa
700 1 _aTenniel, John,
_eilustraciones
700 1 _aGuix, Juan Gabriel
_etr.
910 _aLOPEREZ/ VMateo V. Control de calidad. BPMSU
942 _2ddc
_cBK
999 _c12954
_d12954